000 00745nam a2200229 a 4500
999 _c3582
_d3582
001 3580
003 BD-JhCC
005 20171115121732.0
008 171111s1968 bg |||| |||| 000 0 ben d
035 _a(BD-JhCC)3580
040 _aBD-JhCC
_dBD-JhCC
041 _aben
082 _a891.4415
_bMON 1968
100 _aমনিরুজ্জামান, মোহাম্মদ
245 _aশঙ্কিত আলোক /
_cমোহাম্মদ মনিরুজ্জামান
260 _aঢাকা :
_bকথা কলি,
_c1968.
300 _a56 p. :
_c21 cm.
490 _aSeries in honour of the Martyrs of the language movement of February 1952.
650 _aBengali Poetry
942 _2ddc
_cBK